Anomalous concentrations of gold, silver, and other metals in the Mill Canyon area, Cortez quadrangle, Eureka and Lander Counties, Nevada, (Record no. 30535)

MARC details
000 -LEADER
fixed length control field 01075cam a2200277 4500
001 - CONTROL NUMBER
control field gs 68000334
003 - CONTROL NUMBER IDENTIFIER
control field DLC
005 - DATE AND TIME OF LATEST TRANSACTION
control field 20260227111423.0
008 - FIXED-LENGTH DATA ELEMENTS--GENERAL INFORMATION
fixed length control field 690605s1968 dcuab b 00010 eng c
010 ## - LIBRARY OF CONGRESS CONTROL NUMBER
LC control number gs 68000334 //r892
040 ## - CATALOGING SOURCE
Original cataloging agency U.S. Geological Survey Library
Modifying agency DLC
043 ## - GEOGRAPHIC AREA CODE
Geographic area code n-us-nv
050 0# - LIBRARY OF CONGRESS CALL NUMBER
Classification number QE75
Item number .C5 no. 606
051 ## - LIBRARY OF CONGRESS COPY, ISSUE, OFFPRINT STATEMENT
Classification number TN24.N3
Item number E58
Copy information Copy 2.
082 ## - DEWEY DECIMAL CLASSIFICATION NUMBER
Classification number 553/.4/0979332
100 10 - MAIN ENTRY--PERSONAL NAME
Personal name Elliott, James E.,
Dates associated with a name 1934-
245 10 - TITLE STATEMENT
Title Anomalous concentrations of gold, silver, and other metals in the Mill Canyon area, Cortez quadrangle, Eureka and Lander Counties, Nevada,
Statement of responsibility, etc. by James E. Elliott and John D. Wells.
260 0# - PUBLICATION, DISTRIBUTION, ETC.
Place of publication, distribution, etc. Washington,
Name of publisher, distributor, etc. [U.S. Dept. of the Interior, Geological Survey]
Date of publication, distribution, etc. 1968.
300 ## - PHYSICAL DESCRIPTION
Extent iii, 20 p.
Other physical details illus., maps.
Dimensions 26 cm.
490 1# - SERIES STATEMENT
Series statement Geological Survey circular 606
504 ## - BIBLIOGRAPHY, ETC. NOTE
Bibliography, etc. note Bibliography: p. 7-8.
650 #0 - SUBJECT ADDED ENTRY--TOPICAL TERM
Topical term or geographic name entry element Ore deposits
Geographic subdivision Nevada
-- Mill Canyon region.
700 10 - ADDED ENTRY--PERSONAL NAME
Personal name Wells, John David,
Dates associated with a name 1926-
Relator term joint author.
740 #1 - ADDED ENTRY--UNCONTROLLED RELATED/ANALYTICAL TITLE
Uncontrolled related/analytical title Mill Canyon area, Cortez quadrangle, Nevada.
830 #0 - SERIES ADDED ENTRY--UNIFORM TITLE
Uniform title Geological Survey circular ;
Volume/sequential designation 606.

No items available.

Powered by Koha